000 00577nam a2200229Ia 4500
001 3015
003 GE_BSU
008 181216s||||||||xx |||||||||||||| ||und||
040 _cGE_BSU
080 _a330.101(075.8)
100 _aМаксимова В.Ф.
245 _aМакроэкономика
245 _bУчебник
245 _cОтв. ред. Ю.Б. Рубин.
260 _aМосква
260 _bСОМИНТЭК
260 _c1996
300 _a328 с. 20 см.
541 _h6 л. 60 т.
653 _aМакроэкономика
942 _cBK
999 _c37061
_d37061